La calle, jinete y yo

保存先:
書誌詳細
第一著者: Elizondo Arce, Hernán
フォーマット: 図書
言語:Undetermined
出版事項: San José, Costa Rica Editorial Costa Rica 1975
主題:
タグ: タグ追加
タグなし, このレコードへの初めてのタグを付けませんか!

MARC

LEADER 00000nam a2200000Ia 4500
008 170316s9999 xx 000 0 und d
040 |a cru BVZT 
090 |a 868 E-5c 
100 |a Elizondo Arce, Hernán 
245 |a La calle, jinete y yo 
260 |a San José, Costa Rica 
260 |b Editorial Costa Rica 
260 |c 1975 
300 |a 122 páginas 
650 |a LITERATURA COSTARRICENSE 
942 |c 15 D 
999 |c 11006  |d 11006